Ocho grandes mensajes
Saved in:
| Main Authors: | , |
|---|---|
| Format: | Bog |
| Sprog: | spansk |
| Udgivet: |
Madrid
Católica
1981
|
| Udgivelse: | 12a. ed |
| Serier: | Biblioteca de Autores Cristianos, 2
|
| Fag: | |
| Tags: |
Tilføj Tag
Ingen Tags, Vær først til at tagge denne postø!
|
MARC
| LEADER | 00000nam a2200000 a 4500 | ||
|---|---|---|---|
| 001 | UCR2039 | ||
| 003 | CL-VaPUC | ||
| 008 | 980109e19810000SP |||||||||||||||||spa|d | ||
| 082 | 0 | 4 | |a 262.91 |b IRI |2 21 |
| 100 | |a Iribarren Rodríguez, Jesús |e autor |9 400050 | ||
| 700 | |a Gutiérrez García, José Luis |e author |9 522359 | ||
| 245 | 1 | 0 | |a Ocho grandes mensajes |
| 250 | |a 12a. ed | ||
| 300 | |a 542 p | ||
| 942 | |c BK | ||
| 945 | |d 19980109 00:00:00 |a jquezada | ||
| 260 | |a Madrid |b Católica |c 1981 | ||
| 600 | 0 | |a Iglesia católica |9 255129 | |
| 600 | 0 | 7 | |a ENCICLICA RERUM NOVARUM |2 CL-VaPUC |9 399620 |
| 600 | 0 | 7 | |a ENCICLICA QUADRAGESIMO ANNO |2 CL-VaPUC |9 399621 |
| 600 | 0 | 7 | |a MATER ET MAGISTRA |2 CL-VaPUC |9 399622 |
| 600 | 0 | 7 | |a ENCICLICA PACEM IN TERRIS |2 CL-VaPUC |9 399623 |
| 600 | 0 | 7 | |a ENCICLICA ECCLESIAM SUAM |2 CL-VaPUC |9 399624 |
| 600 | 0 | 7 | |a ENCICLICA POPULORUM PROGRESSIO |2 CL-VaPUC |9 399625 |
| 650 | 0 | |a Eclesiología |9 366152 | |
| 650 | 0 | |a Encíclicas |9 255643 | |
| 650 | 7 | |a ORDEN SOCIAL |2 CL-VaPUC |9 384516 | |
| 650 | 7 | |a DOCTRINA CRISTIANA |2 CL-VaPUC |9 339115 | |
| 650 | 0 | |a Justicia |9 255408 | |
| 583 | |a last modification |c 19980109 00:00:00 |k Rodrigo Vera | ||
| 490 | 0 | |a Biblioteca de Autores Cristianos, 2 | |
| 999 | |c 265314 |d 265312 | ||
| 952 | |0 0 |1 0 |4 0 |6 262_910000000000000_IRI_1981 |7 0 |8 A |9 296185 |a BIBTEO |b BIBTEO |d 2019-11-20 |i 3371921 |l 1 |o 262.91 IRI 1981 |p 3371921 |r 2025-01-17 |s 2022-11-15 |w 2019-11-20 |y BK |k ICR | ||